000
00229nam a22000857a 4500
008
160718b xxu||||| |||| 00| 0 eng d
100
_9
2992
_a
Pooranmal
245
_a
Global Mathematics
260
_a
NEW DELHI
_b
Angel International
_c
2004
999
_c
2555
_d
2555